Name the Country by the Emoji Combos - Statistics

General Stats
  • This quiz has been taken 41 times
  • The average score is 18 of 25
Answer Stats
Hint Answer % Correct
๐Ÿฅ–๐Ÿท๐ŸŽจ France
100%
๐ŸŒ‹๐Ÿฃ๐Ÿ’ด Japan
100%
๐Ÿฆ˜๐ŸŒ๐Ÿ”ฅ Australia
97%
๐Ÿโ„๏ธ๐Ÿ’ Canada
97%
๐Ÿผ๐Ÿฅข๐Ÿฏ China
97%
๐Ÿ•๐Ÿฆโ›ฒ Italy
97%
๐Ÿฅจ๐Ÿบ๐Ÿฐ Germany
95%
๐Ÿฐโ˜˜๏ธ๐Ÿบ Ireland
95%
๐Ÿ”๐Ÿฆ…๐ŸŽฌ USA
89%
๐Ÿ›•๐Ÿ˜๐Ÿ› India
81%
๐Ÿ๐ŸŽถ๐Ÿ•Œ Egypt
78%
๐ŸŒ‹โšฝ๐Ÿ‡ฎ๐Ÿ‡ธ Iceland
78%
๐Ÿ”๏ธ๐ŸซโŒš Switzerland
78%
โšฝ๐Ÿฅ˜๐ŸŽถ Spain
73%
๐ŸŽญโšฝ๏ธ๐Ÿ๏ธ Brazil
70%
๐Ÿ•๐Ÿช†๐ŸฅŸ Russia
68%
๐Ÿฅฉ๐Ÿท๐Ÿ’ƒ Argentina
65%
๐Ÿช๐Ÿ•Œ๐Ÿœ๏ธ Saudi Arabia
59%
๐Ÿ›ก๏ธ๐ŸŸ๐ŸŽถ Belgium
57%
๐Ÿฆ๐ŸŒ๐Ÿ‰ South Africa
57%
๐ŸŒณ๐Ÿฆ’๐Ÿฆ“ Kenya
51%
๐Ÿ•๐Ÿฅฏ๐ŸŽถ Israel
49%
๐Ÿงโ„๏ธ๐Ÿ”๏ธ Chile
46%
๐Ÿดโ€โ˜ ๏ธ๐Ÿ๏ธ๐Ÿƒ๐Ÿฝโ€โ™‚๏ธ Jamaica
43%
๐ŸŒ‹๐Ÿฅฅ๐ŸŒด Philippines
16%
No matching quizzes found
Score Distribution
Percent of People with Each Score
Percentile by Number Answered
Your Score History
You have not taken this quiz